000 00796nam a2200205Ii 4500
003 JO-AjNU
008 230605s9999||||xx |||||||||||||| ||und||
040 _aJO-AjNU
_bara
_erda
_cJO-AjNU
041 _aara
050 1 4 _aBF273.F4.K39.2007
100 3 _aتاليف واعداد سيد،علي عبد الله ، م.مشارك سماح كوثراني,
_eauthor
_930388
245 0 0 _aالخوف والأرق والقلق عند الأطفال
250 _aط1
264 3 1 _aبيروت:دار اليوسف للنشر والتوزيع،دار الرفيق للنشر والتوزيع ،2007
300 _a2014ص
336 _atext
_btxt
_2rdacontent
337 _aunmediated
_bn
_2rdamedia
338 _avolume
_bnc
_2rdacarrier
650 4 _aخوف-قلق-ارق-اطفال-علم نفس
_930389
999 _aA12040
_c15608
_d15608